000 05448nam a22004817a 4500
005 20090722124143.0
008 090225t xxu||||| |||| 00| 0 eng d
010 _aB-340509-529
020 _a9788187471479
_c595.00
035 _aB-340509-529
037 _bStandard Publishers
040 _adpl
_bEnglish
082 _a321.07
100 _aDasgupta, Sanghamitra
245 _aState in Plato's republic and Kautilya's Arthasastra /
_cby Sanghamitra Dasgupta
260 _aNew Delhi
_bStandard Publishers
_c2008
270 _a225, Gupta Place, A-2/42, Rajouri Garden Main Road, Opp. Telephone Exchange (Near Metro Station),
_bNew Delhi
_e110027
_k91-011-25415043,25435043(O),9871009093,9868768639(M)
_l91-011-25374397
_msrallbook3@bol.net.in
300 _a198p.
_c22cm. (Hb)
500 _aIncludes bibliographical references and index
942 _2ddc
_cEN
_mDAS
_h321.07
999 _c24371
_d24371